| 000 | 00480 a2200157 4500 | ||
|---|---|---|---|
| 020 | _a0070096694 | ||
| 090 |
_c3457 _d3457 |
||
| 100 | 1 | 0 | _aCalvert, James |
| 245 | 1 | 0 |
_aFinite mathematics with computer-supported applications _c/ James Calvert and William Voxman. |
| 250 | _aInternational ed. | ||
| 260 | 0 |
_aNew York _b: McGraw-Hill _c, c1994. |
|
| 300 |
_ax, 442 p. _b: ill. (some col.) _c; 25 cm. |
||
| 650 | 0 | _aMathematics. | |
| 700 | 1 | _aVoxman, William L., | |
| 942 |
_cBK _k510 CAL |
||
| 999 |
_c7368 _d7368 |
||